Statistics for G2 Esports Players - Rocket League

Click here to take the quiz!

General Stats

  • This quiz has been taken 183 times
  • The average score is 4 of 5

Answer Stats

Players% Correct
Rizzo
96%
Chicago
95%
JKnaps
93%
Kronovi
77%
0ver Zer0
36%

Score Distribution

Percentile by Number Answered

Percent of People with Each Score

Your Score History

You have not taken this quiz